000 00279nam a2200109Ia 4500
008 230627s9999 xx 000 0 und d
041 _amar
082 _a343.057
_bTAL
100 _aTalankar D. R.
245 _aBombay Stamp Act 1958
260 _aMumbai
_bCurrent Publications
_c2005
999 _c687813
_d687813